000
00242nam a22001097a 4500
082
_a
620.86 DER'M
100
_a
DEREAMER, R
_9
80309
245
_a
MODERN SAFETY PRACTICE
260
_a
NEWYORK
_b
JOHN WILEY
_c
1958
300
_a
357P
942
_c
BK
999
_c
585260
_d
585260